Statistics for Lana Del Rey - How to disappear Lyrics

Click here to take the quiz!

General Stats

  • This quiz has been taken 96 times
  • The average score is 177 of 197

Answer Stats

Answer% Correct
a
100%
down
100%
he
100%
He
100%
I
100%
is
100%
me
100%
the
100%
The
100%
be
98%
'cause
98%
disappear
98%
hard
98%
his
98%
how
98%
on
98%
that
98%
This
98%
to
98%
To
98%
And
96%
and
96%
here
96%
you
96%
You
96%
No
95%
your
95%
been
93%
but
93%
But
93%
life
93%
love
93%
too
93%
What
93%
another
91%
at
91%
beer
91%
boulevard
91%
can
91%
guys
91%
in
91%
like
91%
man
91%
met
91%
mountains
91%
my
91%
nobody
91%
still
91%
training
91%
yard
91%
again
89%
Cuts
89%
face
89%
head
89%
I'm
89%
pretend
89%
shoulder
89%
you're
89%
All
88%
anywhere
88%
baby?
88%
going
88%
John
88%
just
88%
lately
88%
lies
88%
over
88%
right
88%
always
86%
crack
86%
Cry
86%
don't
86%
one's
86%
tell
86%
they
86%
watch
86%
years
86%
as
84%
As
84%
For
84%
fought
84%
Haven't
84%
high
84%
left
84%
moves
84%
New
84%
Now
84%
of
84%
'round
84%
seen
84%
since
84%
things
84%
up
84%
York
84%
fight
82%
getting
82%
ground
82%
it's
82%
got
79%
hold
79%
Joe
79%
know
79%
ear
77%
forget
77%
whisper
75%
he's
74%
I've
74%
those
74%
cats
72%
fear
72%
kid
72%
think
72%
two
72%
about
70%
dear
70%
sun
70%
movie
68%
them
68%
waves
68%
California
67%
pounds
65%
skies
65%
stars
65%
came
63%
write
63%
light
61%
watched
61%

Score Distribution

Percentile by Number Answered

Percent of People with Each Score

Your Score History

You have not taken this quiz